| 000 | 00735nam a2200241 4500 | ||
|---|---|---|---|
| 001 | 33010 | ||
| 010 | _a9789720031167 | ||
| 021 |
_aPT _b454471/19 |
||
| 090 | _a33010 | ||
| 100 | _a20191114d2019 m y0pory50030103ba | ||
| 101 | 0 | _apor | |
| 102 | _aPT | ||
| 200 | 1 |
_aAdolescer é fácil, # só que não _fCatarina Furtado |
|
| 205 | _a1ª. ed. | ||
| 210 |
_aPorto _cPorto Editora _d2019 |
||
| 215 |
_a221, [2] p. _cil. _d21 cm |
||
| 675 |
_a159.922-053.6(035) _vBN _zpor |
||
| 675 |
_a316.47-055.5/.6(035) _vBN _zpor |
||
| 675 |
_a316.61-053.6(035) _vBN _zpor |
||
| 700 |
_aFurtado _bCatarina _f1972- _9206 |
||
| 801 | 0 |
_aPT _bBN _gRPC |
|
| 856 | 4 | 1 | _uhttp://rnod.bnportugal.gov.pt/ImagesBN/winlibimg.aspx?skey=&doc=2033387&img=133057&save=true |
| 990 | _cLIVROS | ||